|
|
|
|
| LEADER |
01059pam a22003378a 4500 |
| 001 |
00032735 |
| 005 |
20171026081025.0 |
| 008 |
141107s2013 ||||||Viesd |
| 020 |
# |
# |
|c 60000
|a 9786041013230
|
| 041 |
0 |
# |
|a Vie
|
| 082 |
1 |
4 |
|a 181
|b NH123M
|
| 100 |
1 |
# |
|a Nguyễn, Duy Cần
|
| 245 |
0 |
0 |
|a Nhập môn triết học Đông phương
|c Thu Giang Nguyễn Duy Cần
|
| 250 |
# |
# |
|a Tái bản lần thứ 1
|
| 260 |
# |
# |
|a TP. Hồ Chí Minh
|b Trẻ
|c 2013
|
| 300 |
# |
# |
|a 192 tr.
|c 19 cm.
|
| 490 |
# |
# |
|a Tủ sách Triết học phương Đông
|
| 653 |
# |
# |
|a Nghiên cứu
|
| 653 |
# |
# |
|a Phương Đông
|
| 653 |
# |
# |
|a Triết học
|
| 852 |
# |
# |
|b Kho mượn
|j KM.0017351, KM.0017352, KM.0017353, KM.0017381
|
| 852 |
# |
# |
|b Kho đọc
|j KD.0016224
|
| 852 |
# |
# |
|j KM.0017381
|j KM.0017351
|j KM.0017353
|j KD.0016224
|j KM.0017352
|
| 910 |
|
|
|d 7/11/2014
|
| 980 |
# |
# |
|a Trung tâm Học liệu Lê Vũ Hùng, Trường Đại học Đồng Tháp
|